IFM Opac

Studies in the economics of income maintenance (Record no. 7136)

MARC details
000 -LEADER
fixed length control field 00421nam a2200145Ia 4500
008 - FIXED-LENGTH DATA ELEMENTS--GENERAL INFORMATION
fixed length control field 150509s9999 xx 000 0 und d
082 ## - DEWEY DECIMAL CLASSIFICATION NUMBER
Classification number 368.4008 STU
100 ## - MAIN ENTRY--PERSONAL NAME
Personal name Eckstein, Otto ed.
245 ## - TITLE STATEMENT
Title Studies in the economics of income maintenance
260 ## - PUBLICATION, DISTRIBUTION, ETC.
Place of publication, distribution, etc. Westport:
260 ## - PUBLICATION, DISTRIBUTION, ETC.
Name of publisher, distributor, etc. Greenwood Press
260 ## - PUBLICATION, DISTRIBUTION, ETC.
Date of publication, distribution, etc. 368.400 STU
300 ## - PHYSICAL DESCRIPTION
Extent xvi, 254p. :ill. ;24cm
650 ## - SUBJECT ADDED ENTRY--TOPICAL TERM
Topical term or geographic name entry element Social security - United States - Case studies
Holdings
Withdrawn status Lost status Source of classification or shelving scheme Damaged status Not for loan Home library Current library Shelving location Date acquired Full call number Barcode Date last seen Price effective from Koha item type
    Dewey Decimal Classification     IFM Main Campus Library IFM Main Campus Library   05/15/2015 368.4008 STU 0000010154 05/15/2015 05/15/2015 Books
    Dewey Decimal Classification     IFM Main Campus Library IFM Main Campus Library   05/15/2015 368.4008 STU 0000010153 05/15/2015 05/15/2015 Books